| 000 | 00377pam a2200157a 44500 | ||
|---|---|---|---|
| 008 | 230515b1995 xxu||||| |||| 00| 0 eng d | ||
| 020 | _aNULL | ||
| 041 | _aENGLISH | ||
| 082 | _a621.57/WHI | ||
| 100 | _aWHITMAN W. C. / JOHNSON W. M. | ||
| 245 | _aREFRIGERATION AND AIR CONDITIONING | ||
| 250 | _aNULL | ||
| 260 |
_aNULL _bDELMA _c1995 |
||
| 300 | _a660P. | ||
| 650 | _aNULL | ||
| 999 |
_c654366 _d654366 |
||